| 000 | 00494nam a2200205Ia 4500 | ||
|---|---|---|---|
| 001 | 15038 | ||
| 003 | GE_BSU | ||
| 008 | 181216s||||||||xx |||||||||||||| ||und|| | ||
| 040 | _cGE_BSU | ||
| 080 | _a514 | ||
| 100 | _aВеиль,Герман | ||
| 245 | _aСимметрия | ||
| 245 | _cПер. с англ. Б.А.Розенфельда | ||
| 260 | _aМосква | ||
| 260 | _bНаука | ||
| 260 | _c1968 | ||
| 300 | _a190стр.20см. | ||
| 653 | _aСимметрия | ||
| 942 | _cBK | ||
| 999 |
_c48156 _d48156 |
||